000 01971nam0a2200361 4500
001 RU\NLR\bibl\74983
005 20260407114006.0
010 _a5-88465-202-X
_980
021 _aRU
_b1999-41643
_92049
035 _a(NLR Aleph) 000073176
090 _a404487
_c404487
100 _a20000315d1999 |||y0rusy50 ca
101 0 _arus
102 _aRU
105 _aa |||||||||
200 1 _aПриспособленность автомобилей, строительных и дорожных машин к суровым условиям эксплуатации
_eМежвуз. сб. науч. тр.
_fМ-во общ. и проф. образования Рос. Федерации, Тюм. гос. нефтегазовый ун-т
_g[Редкол.: к.т.н.,доц. Захаров Н.С. (отв. ред.) и др.]
210 _aТюмень
_cТюмГНГУ
_d1999
215 _a156 с.
_cил.
_d21
320 _aБиблиогр. в конце ст.
606 0 _aДорожные машины
_jСборники
_xЭксплуатация в сложных условиях
_92161311
_3RU\NLR\auth\661300708
606 0 _aСтроительные машины
_jСборники
_xЭксплуатация в сложных условиях
_92161309
_3RU\NLR\auth\661300707
606 0 _aАвтомобили
_jСборники
_xЭксплуатация в сложных условиях
_91045742
_3RU\NLR\auth\6685396
686 _aО311-06-5-082.09я43
686 _aО33-082.09я43
686 _aН6-5-082.09я43
702 1 _4340
_7ca
_8rus
_aЗахаров
_bН. С.
_cд-р техн. наук
_gНиколай Степанович
_920783
_3RU\NLR\auth\7737795
712 0 2 _4570
_aТюменский государственный нефтегазовый университет
_9387171
_3RU\NLR\AUTH\889945858
801 0 _aRU
_bNLR
_c20000315
_gPSBO
801 1 _aRU
_bNLR
_c20000315
852 _aNLR
_j99-3/20524
942 _cBOOK
980 _aNB